| 000 | 00692nam a2200217 a 4500 | ||
|---|---|---|---|
| 001 | 000042705 | ||
| 005 | 20250207125148.0 | ||
| 008 | 140205s2004 dr r 000 j spa d | ||
| 020 | _a9993496030 | ||
| 040 |
_aDO-SdBNP _bspa _cBNPHU |
||
| 082 |
_aRD863.44 _bM663c |
||
| 100 | 1 |
_aMinaya, Ligia, _d1941- _923177 |
|
| 245 | 1 | 3 |
_aEl callejón de las flores / _cLigia Minaya Belliard. |
| 260 |
_aSanto Domingo : _bManatí, _c2004. |
||
| 300 |
_a111 p. ; _c22 cm. |
||
| 500 | _aIncluye dtos biográficos de la autora en las solapas | ||
| 590 | _aInventariado, 2020/BT | ||
| 650 | 0 |
_aCuentos dominicanos _9176 |
|
| 650 | 0 |
_aLiteratura dominicana. _967 |
|
| 910 | _aValidado. Control de calidad MFF | ||
| 999 |
_c42194 _d42194 |
||